|
|
|
|
| LEADER |
01107nam a2200337 4500 |
| 001 |
DLU090067507 |
| 005 |
##20090420 |
| 040 |
# |
# |
|a DLU
|b eng
|
| 041 |
# |
# |
|a eng
|
| 044 |
# |
# |
|a UK
|
| 245 |
# |
# |
|a The sperm proteins from amphioxus mirror its basal position among chordates and redefine the origin of vertebrate protamines /
|c Jose Maria Eirin-Lopez, Lindsay J. Frehlick, Manel Chiva, Nuria Saperas, Juan Ausio.
|
| 653 |
# |
# |
|a Chromatin
|
| 653 |
# |
# |
|a Long-term evolution
|
| 653 |
# |
# |
|a Metazoans
|
| 653 |
# |
# |
|a Protamines
|
| 653 |
# |
# |
|a Reproductive proteins
|
| 700 |
# |
# |
|a Ausio, Juan.
|
| 700 |
# |
# |
|a Chiva, Manel.
|
| 700 |
# |
# |
|a Eirin-Lopez, Jose Maria.
|
| 700 |
# |
# |
|a Frehlick, Lindsay J.
|
| 700 |
# |
# |
|a Saperas, Nuria.
|
| 773 |
# |
# |
|t Molecular Biology and Evolution
|g Vol. 25, no. 8 (August 2008), p. 1705-1713
|
| 920 |
# |
# |
|a Phòng Tạp chí -- Trung tâm Thông tin - Thư viện Trường Đại học Đà Lạt
|
| 994 |
# |
# |
|a DLU
|
| 900 |
# |
# |
|a True
|
| 911 |
# |
# |
|a Trương Bảo Trâm Anh
|
| 925 |
# |
# |
|a G
|
| 926 |
# |
# |
|a A
|
| 927 |
# |
# |
|a BB
|
| 980 |
# |
# |
|a Thư viện Trường Đại học Đà Lạt
|